Faktory a determinanty ekonomického a sociálno-demografického environmentu jednotného európskeho trhu

Ekonomické prostredie európskeho trhu. HDP, rast HDP, spotreba, inflácia, úroveň cien. Sociálno-demografické prostredie. Demografický vývoj populácie Európskej únie. Migračné trendy krajín EÚ.

Saved in:
Bibliographic Details
Main Author: Čihovská, Viera
Format: Book Chapter
Language:Slovak
Subjects:
Tags: Add Tag
No Tags, Be the first to tag this record!

MARC

LEADER 00000naa a2200000 4500
001 0117921
005 20240502072322.9
041 0 |a slo 
044 |a SK 
245 1 0 |a Faktory a determinanty ekonomického a sociálno-demografického environmentu jednotného európskeho trhu  |c Viera Čihovská 
520 |a Ekonomické prostredie európskeho trhu. HDP, rast HDP, spotreba, inflácia, úroveň cien. Sociálno-demografické prostredie. Demografický vývoj populácie Európskej únie. Migračné trendy krajín EÚ. 
610 2 0 |a trh spoločný 
610 2 0 |a Európska únia 
610 2 0 |a produkt domáci hrubý 
610 2 0 |a spotreba domácností 
610 2 0 |a inflácia 
610 2 0 |a demografia 
610 2 0 |a migrácia 
100 1 |a Čihovská, Viera